000 00662nam a2200253Ia 4500
005 20230812105455.0
008 131103s9999 xx 000 0 und d
020 _a087134106X
040 _aLoreto College
041 _aEnglish
082 _a920
_bPUG
100 _aPugh,Peter
245 _aWilliamson Magor Stuck To Tea
_cPeter Pugh
260 _a[Cambridge]
_bCambridge Business Publishing
_c1991
300 _a213 p.
_b illus.
504 _aIncludes index
630 _aWilliamson,James Hay
630 _aWilliamson,R.L.
630 _aBiography
650 _aIndia - Biography
651 _aWilliamson,Georges
850 _aLCLIB
942 _cBK
999 _c13889
_d64368